00332nam a2200109Ia 4500008004100000082000800041100001600049245003700065942000600102952009900108999001500207240331s9999 xx 000 0 und d bWIL aWilliams, S 4aThe Oxfam gender training manual cL 001040708LaWERCLbWERCLcSSCd2024-03-31l0o 305.402 WILp5369r2024-03-31w2024-03-31yL c4391d4391